| 000 | 00407nam a22001457a 4500 | ||
|---|---|---|---|
| 005 | 20260311175407.0 | ||
| 008 | 260311b |||||||| |||| 00| 0 eng d | ||
| 020 | _a9780256157031 | ||
| 050 | _aHB171.5 COL | ||
| 100 | _aColander, David C. | ||
| 245 |
_aEconomics _cDavid C. Colander |
||
| 260 |
_aBurr Rdge, Illinois _bIrwin _c1994 |
||
| 300 |
_axxix. 823p. _bill. map. some color _c28.5cm |
||
| 942 |
_2lcc _cBK _n0 |
||
| 999 |
_c8950 _d8950 |
||